| 000 | 01487nam a2200241Ia 4500 | ||
|---|---|---|---|
| 003 | Ost | ||
| 005 | 20260416102351.0 | ||
| 008 | 260416s9999||||xx |||||||||||||| ||und|| | ||
| 040 | _cfsecg | ||
| 041 | _aara | ||
| 082 | _a1.6 | ||
| 100 |
_aخليفاتي، جمال _eمؤلف |
||
| 245 | 0 |
_a نظام المعلومات المحاسبي / _c جمال خليفاتي |
|
| 260 |
_aالجزائر _bجامعة الجزائر3: كلية العلوم الإقتصادية، العلوم التجارية وعلوم التسيير _c2016 |
||
| 300 |
_a73 ورقة _bايضاحات _c30 سم |
||
| 504 | _a مراجع ص.70 | ||
| 520 | _a مفاهيم أساسية عن النظام، مفاهيم أساسية حول المعلومات، نبذة عامة عن نظم المعلومات، ماهية نظام المعلومات المحاسبي، المتغيرات البيئية المؤثرة على طبيعة أنظمة المعلومات المحاسبية، نظم المعلومات المحاسبية وتكنولوجيا المعلومات، تصميم نظام المعلومات المحاسبي المحوسب، تكنولوجيا أمن المعلومات | ||
| 653 | _aالأمن | ||
| 653 | _aالمحاسبة | ||
| 653 | _aنظم المعلومات- المؤسسة الممتدة | ||
| 710 |
_aجامعة الجزائر3: كلية العلوم الإقتصادية، العلوم التجارية وعلوم التسيير _eناشر علمي |
||
| 942 | _cHANDOUT | ||
| 999 |
_c41019 _d41019 |
||